书目信息 |
| 题名: |
水彩画选辑
|
|
| 作者: | ||
| 分册: | 2 | |
| 出版信息: | 北京 人民美术出版社 1980 |
|
| 页数: | 16幅 | |
| 开本: | 38cm | |
| 丛书名: | ||
| 单 册: | ||
| 中图分类: | J225 | |
| 科图分类: | ||
| 主题词: | 水彩画--中国--现代--画册 | |
| 电子资源: | ||
| ISBN: | ||
| 000 | 00520nam0 2200205 45 | |
| 001 | 0180002876 | |
| 005 | 20060818162126.85 | |
| 010 | @dCNY1.70 | |
| 091 | @aCN@b8027.7179 | |
| 100 | @a19960215d1980 em y0chiy0121 ea | |
| 101 | 0 | @achi |
| 102 | @aCN@b110000 | |
| 105 | @aa z 000yy | |
| 200 | 10 | @a水彩画选辑@Ashui cai hua xuan ji@h2 |
| 210 | @a北京@c人民美术出版社@d1980 | |
| 215 | @a16幅@d38cm | |
| 606 | @a水彩画@y中国@z现代@x画册 | |
| 690 | @aJ225@v3 | |
| 801 | 0 | @aCN@bTSSF@c20060818 |
| 905 | @a10447@dJ225@e164:2 | |
| 水彩画选辑.2.-北京:人民美术出版社,1980 |
| 16幅;38cm |
| ISBN :CNY1.70 |
| ● |
| 相关链接 |
|
|
|
|
正题名:水彩画选辑
索取号:J225/164:2
 
预约/预借
| 序号 | 登录号 | 条形码 | 馆藏地/架位号 | 状态 | 备注 |
| 1 | 0466612 | 204666129 | 密集书库/ [索取号:J225/164:2] | 在馆 | |
| 2 | 0466613 | 204666138 | 密集书库/ [索取号:J225/164:2] | 在馆 |